| 000 | 00897nam a2200289 a 4500 | ||
|---|---|---|---|
| 001 | 000044282 | ||
| 003 | DO-SdBNP | ||
| 005 | 20180326143746.0 | ||
| 007 | 000044282 | ||
| 008 | 140612s2012 dr a 000 0 spa d | ||
| 020 | _a9789945497076 | ||
| 040 |
_aBPMSU _bspa _cBPMSU |
||
| 092 |
_aA863.44 _bG188n |
||
| 100 | 1 |
_aGambaro, Griselda _d1928- |
|
| 245 | 1 | 0 |
_aA nadar con María Inés / _cGriselda Gambaro ; ilustración Roberto Cubillas. |
| 260 |
_aSanto Domingo : _bSantillana, _c2012. |
||
| 300 |
_a92 p. : _bil. ; _c20 cm. |
||
| 490 | 1 | _aAlfaguara infantil | |
| 500 | _aIncluye datos biográficos del autor | ||
| 650 | _aNOVELA INFANTIL ARGENTINA | ||
| 650 | _aLITERATURA INFANTIL ARGENTINA | ||
| 700 | 1 |
_aCubillas, Roberto, _eils. |
|
| 830 | 0 | _aAlfaguara infantil | |
| 942 |
_2ddc _cBK |
||
| 945 | _aRemanejado para la BNPHU / 2018 VM | ||
| 956 |
_aVMATEO _b10 _c20150706 _lBPMSU _h |
||
| 999 |
_c7229 _d7229 |
||